000 02190nam0a2200373 4500
001 RU\NLR\BIBL_A\012675209
005 20220315142917.0
010 _a978-5-907430-84-6
_9500
021 _aRU
_bКН-П-21-058123
_9КН-П-21-4533
035 _a(NLR Aleph) 012675209
090 _a12797286
_c12797286
100 _a20211223d2021 u y0rusy50 ca
101 0 _arus
102 _aRU
105 _aa j 010zy
181 0 _ai3
_baxxe
182 0 _an
200 1 _aСопротивление материалов. Геометрические характеристики и простые виды нагружений
_eучебное пособие
_eдля обучающихся по направлению подготовки 08.05.01 Строительство уникальных зданий и сооружений
_fВ. А. Волосухин, М. А. Бандурин, В, В. Ванжа
_gМинистерство сельского хозяйства Российской Федерации, ФГБОУ ВО "Кубанский государственный аграрный университет имени И. Т. Трубилина"
203 _aТекст
_bвизуальный
_cнепосредственный
210 _aКраснодар
_cКубГАУ
_d2021
215 _a162 с.
_cил.
_d20
300 _aНа обл.: 100. 1922-2022. КубГАУ
320 _aБиблиогр.: с. 162 (7 назв.)
517 1 _aГеометрические характеристики и простые виды нагружений
606 1 _aСопротивление материалов
_jУчебные издания для высших учебных заведений
_91104923
_3RU\NLR\AUTH\66115919
686 1 _aЖ121я73-1
700 1 _aВолосухин
_bВ. А.
_f1952-
_gВиктор Алексеевич
701 1 _aБандурин
_bМ. А.
_gМихаил Александрович
701 1 _aВанжа
_bВ. В.
_gВладимир Владимирович
942 _cBOOK
980 _aNB